| 000 | 01407nam a2200301 4500 | ||
|---|---|---|---|
| 001 | 0000014779 | ||
| 003 | CO-CtgCURN | ||
| 005 | 20250507220851.0 | ||
| 007 | ta | ||
| 008 | 160627s1993 000 0 eng d | ||
| 020 | _a9589093582 | ||
| 040 |
_aCO-CtgCURN _bspa _ccoctgcurn |
||
| 082 | 0 |
_a336.2 _bR48p |
|
| 100 | 1 | _aRicardo, David. | |
| 245 | 1 | 0 |
_aPrincipios de economia política y tributacion / _cDavid Ricardo : traducción Juan Broc B., Nelly Wolff, Julio Estrada M. |
| 260 |
_aMexico : _bFondo de cultura economica, _c1993. |
||
| 300 | _a332 p. | ||
| 336 | _2rdacontent | ||
| 337 |
_2rdamedia _asin mediacion _bn |
||
| 338 |
_2rdacarrier _avolumen _bnc |
||
| 500 | _aIncluye indice. | ||
| 505 | 8 | _aEconomia política.--Diezmos.--Impuestos sobre el valor--Sobre la renta.--Precio natural y precio de mercado.--Sobre salarios.-- Sobre las utilidades.-- Sobre omercio exterior.--Sobre los impuestos.--Impuestos sobre productos primos Impuestos sobre la renta de la tierra. Impuesto predial. Impuestom sobre oro. Impuesto sobre vivienda. sobre salarios. Articulos distintos del producto primo. Impuestos de pobre. Primas a la exportacion y prohibicion a la importancion. Prima sobre la producción | |
| 650 | 1 | 4 | _aEconomia. |
| 700 | 1 | _aBroc B., Juan. | |
| 908 | _a160627 | ||
| 942 |
_cBK _h336.2 _iR48p _2ddc _n0 |
||
| 999 |
_c18436 _d18436 |
||